100 największych miast w Austrii z mapą - Statystyki

Ogólne statystyki
  • Ten quiz został rozwiązany 133 razy
  • Średni wynik to 13 z 100
Odpowiedzi na mapie
Odpowiedzi zakodowano w zielono-czerwonej skali na mapie do tego quizu, zgodnie z poniższymi procentami.
 
Statystyki odpowiedzi
Kraj związkowy Miasto % Poprawnych
Wiedeń Wiedeń
100%
Styria Graz
89%
Salzburg Salzburg
84%
Tyrol Innsbruck
79%
Górna Austria Linz
71%
Karyntia Klagenfurt am Wörthersee
55%
Karyntia Villach
37%
Dolna Austria Sankt Pölten
32%
Vorarlberg Bregencja
28%
Salzburg Bischofshofen
27%
Dolna Austria Wiener Neustadt
25%
Karyntia Wolfsberg
22%
Tyrol Lienz
20%
Burgenland Eisenstadt
19%
Styria Leoben
17%
Górna Austria Wels
17%
Dolna Austria Amstetten
16%
Górna Austria Steyr
16%
Vorarlberg Feldkirch
15%
Dolna Austria Krems an der Donau
14%
Dolna Austria Schwechat
14%
Górna Austria Braunau am Inn
13%
Styria Bruck an der Mur
13%
Vorarlberg Dornbirn
13%
Salzburg Zell am See
13%
Dolna Austria Baden
12%
Styria Kapfenberg
12%
Tyrol Kufstein
12%
Vorarlberg Lustenau
12%
Dolna Austria Mistelbach
12%
Dolna Austria Deutsch-Wagram
11%
Styria Judenburg
11%
Karyntia Spittal an der Drau
11%
Górna Austria Bad Ischl
10%
Salzburg Sankt Johann im Pongau
10%
Tyrol Sankt Johann in Tirol
10%
Dolna Austria Gänserndorf
9%
Salzburg Hallein
9%
Dolna Austria Hollabrunn
9%
Tyrol Imst
9%
Dolna Austria Klosterneuburg
9%
Dolna Austria Korneuburg
9%
Vorarlberg Bludenz
8%
Górna Austria Gmunden
8%
Dolna Austria Mödling
8%
Salzburg Saalfelden am Steinernen Meer
8%
Karyntia Sankt Andrä
8%
Dolna Austria Stockerau
8%
Dolna Austria Traiskirchen
8%
Górna Austria Enns
7%
Tyrol Telfs
7%
Górna Austria Traun
7%
Dolna Austria Waidhofen an der Ybbs
7%
Dolna Austria Bad Vöslau
6%
Tyrol Hall in Tirol
6%
Vorarlberg Hard
6%
Styria Leibnitz
6%
Górna Austria Leonding
6%
Górna Austria Purkersdorf
6%
Górna Austria Ried im Innkreis
6%
Tyrol Schwaz
6%
Dolna Austria Tulln an der Donau
6%
Tyrol Wörgl
6%
Dolna Austria Zwettl-Niederösterreich
6%
Górna Austria Attnang-Puchheim
5%
Dolna Austria Gerasdorf bei Wien
5%
Dolna Austria Groß-Enzersdorf
5%
Górna Austria Laakirchen
5%
Dolna Austria Sankt Valentin
5%
Salzburg Seekirchen am Wallersee
5%
Górna Austria Vöcklabruck
5%
Styria Weiz
5%
Dolna Austria Ebreichsdorf
4%
Karyntia Feldkirchen in Kärnten
4%
Styria Gleisdorf
4%
Vorarlberg Götzis
4%
Vorarlberg Hohenems
4%
Vorarlberg Lauterach
4%
Dolna Austria Neunkirchen
4%
Dolna Austria Perchtoldsdorf
4%
Vorarlberg Rankweil
4%
Karyntia Sankt Veit an der Glan
4%
Dolna Austria Strasshof an der Nordbahn
4%
Górna Austria Ternitz
4%
Górna Austria Ansfelden
3%
Dolna Austria Brunn am Gebirge
3%
Styria Deutschlandsberg
3%
Styria Knittelfeld
3%
Styria Trofaiach
3%
Styria Voitsberg
3%
Karyntia Völkermarkt
3%
Salzburg Wals-Siezenheim
3%
Górna Austria Altmünster
2%
Styria Fürstenfeld
2%
Górna Austria Marchtrenk
2%
Styria Seiersberg-Pirka
2%
Górna Austria Sierning
2%
Styria Feldbach
1%
Styria Köflach
1%
Styria Gratwein-Straßengel
0%
Nie znaleziono quizów pasujących do podanych kryteriów
Rozkład punktacji
Procent ludzi z każdym wynikiem
Percentyl według liczby udzielonych odpowiedzi
Twoja historia wyników
Nie rozwiązałeś tego quizu